<?xml version="1.0" encoding="UTF-8"?>
<resp>
  <nextPage>https://data.bn.org.pl/api/networks/bibs.marcxml?marc=001+b0000600001250&amp;sinceId=600001251</nextPage>
  <collection>
    <record xmlns='http://www.loc.gov/MARC21/slim'><leader>02084nem a2200613 i 4500</leader><controlfield tag='001'>b0000600001250</controlfield><controlfield tag='005'>20251101065700.6</controlfield><controlfield tag='008'>211208s2008    pl ceg    e  |  0   pol  </controlfield><controlfield tag='009'>9912835499505606</controlfield><datafield ind1=' ' ind2=' ' tag='020'><subfield code='a'>9788374091473</subfield></datafield><datafield ind1=' ' ind2=' ' tag='035'><subfield code='a'>PAR_2PAR_2_14855-48omnis_par</subfield></datafield><datafield ind1=' ' ind2=' ' tag='035'><subfield code='a'>PAR_2_14855</subfield></datafield><datafield ind1=' ' ind2=' ' tag='035'><subfield code='a'>(PL)b0000600001250</subfield></datafield><datafield ind1=' ' ind2=' ' tag='040'><subfield code='a'>PAR_2</subfield><subfield code='c'>PAR_2</subfield></datafield><datafield ind1='0' ind2='0' tag='245'><subfield code='a'>Atlas świat wokół nas :</subfield><subfield code='b'>przyroda : szkoła podstawowa /</subfield><subfield code='c'>Nowa Era Redakcja Kartograficzna, Wrocław ; red., oprac. graf. i komput. Beata Konopska [et al.].</subfield></datafield><datafield ind1=' ' ind2=' ' tag='250'><subfield code='a'>Wyd. 7.</subfield></datafield><datafield ind1=' ' ind2=' ' tag='260'><subfield code='a'>Warszawa :</subfield><subfield code='b'>Nowa Era,</subfield><subfield code='c'>2008 :</subfield></datafield><datafield ind1=' ' ind2=' ' tag='300'><subfield code='a'>1 atlas (72 s.) :</subfield><subfield code='b'>mapy, rys., fot. kolor. ;</subfield><subfield code='c'>32 cm.</subfield></datafield><datafield ind1=' ' ind2=' ' tag='380'><subfield code='a'>Mapy</subfield></datafield><datafield ind1=' ' ind2=' ' tag='380'><subfield code='a'>Publikacje dydaktyczne</subfield></datafield><datafield ind1=' ' ind2=' ' tag='385'><subfield code='m'>Poziom nauczania</subfield><subfield code='a'>Szkoły podstawowe</subfield></datafield><datafield ind1=' ' ind2=' ' tag='500'><subfield code='a'>Rzeźba terenu: barwy hipsometryczne, punkty wysokości, barwy batymetryczne, punkty głębokości.</subfield></datafield><datafield ind1='8' ind2=' ' tag='521'><subfield code='a'>Atlas do użytku szkolnego.</subfield></datafield><datafield ind1=' ' ind2='7' tag='650'><subfield code='a'>Geografia (przedmiot szkolny)</subfield><subfield code='2'>DBN</subfield></datafield><datafield ind1=' ' ind2='7' tag='650'><subfield code='a'>Szkoły podstawowe</subfield><subfield code='2'>DBN</subfield></datafield><datafield ind1=' ' ind2='7' tag='650'><subfield code='a'>Przyroda (przedmiot szkolny)</subfield><subfield code='2'>DBN</subfield></datafield><datafield ind1=' ' ind2='7' tag='651'><subfield code='a'>Świat</subfield><subfield code='2'>DBN</subfield></datafield><datafield ind1=' ' ind2='7' tag='655'><subfield code='a'>Atlas geograficzny</subfield><subfield code='2'>DBN</subfield></datafield><datafield ind1=' ' ind2='7' tag='655'><subfield code='a'>Mapa szkolna</subfield><subfield code='2'>DBN</subfield></datafield><datafield ind1=' ' ind2='7' tag='655'><subfield code='a'>Materiały pomocnicze</subfield><subfield code='2'>DBN</subfield></datafield><datafield ind1=' ' ind2=' ' tag='658'><subfield code='a'>Geografia i nauki o Ziemi</subfield></datafield><datafield ind1=' ' ind2=' ' tag='658'><subfield code='a'>Biologia</subfield></datafield><datafield ind1=' ' ind2=' ' tag='658'><subfield code='a'>Edukacja i pedagogika</subfield></datafield><datafield ind1='1' ind2=' ' tag='700'><subfield code='a'>Konopska, Beata</subfield><subfield code='e'>Redakcja</subfield></datafield><datafield ind1='2' ind2=' ' tag='710'><subfield code='a'>Nowa Era Redakcja Kartograficzna (Wrocław)</subfield></datafield><datafield ind1='2' ind2=' ' tag='710'><subfield code='a'>Nowa Era</subfield><subfield code='4'>pbl</subfield></datafield><datafield ind1=' ' ind2=' ' tag='852'><subfield code='b'>48OMNIS_PAR</subfield><subfield code='8'>991000012489707912</subfield></datafield><datafield ind1=' ' ind2=' ' tag='852'><subfield code='b'>48OMNIS_NETWORK</subfield><subfield code='8'>9912835499505606</subfield></datafield><datafield ind1=' ' ind2=' ' tag='920'><subfield code='a'>978-83-7409-147-3</subfield></datafield></record>
  </collection>
</resp>
